| 000 | 00461nam a22001697a 4500 | ||
|---|---|---|---|
| 005 | 20240726091348.0 | ||
| 008 | 240726b |||||||| |||| 00| 0 eng d | ||
| 020 | _a9780135298886 | ||
| 082 |
_a006.696 _bCHU-A |
||
| 100 | _aChun, Russell | ||
| 245 |
_aAdobe animate CC classroom in a book / _cRussell Chun |
||
| 260 |
_aUSA: _bwiley; _c2019. |
||
| 300 |
_axiv, 445 p. : _bill; _c24 cm. |
||
| 500 | _ainclude index. | ||
| 650 | _aGraphic design | ||
| 999 |
_c36222 _d36222 |
||